Guided reading : (Record no. 112716)
[ view plain ]
| 000 -LEADER | |
|---|---|
| fixed length control field | 00325nam a2200121 a 4500 |
| 001 - CONTROL NUMBER | |
| control field | 4144 |
| 005 - DATE AND TIME OF LATEST TRANSACTION | |
| control field | 20140414131948.0 |
| 008 - FIXED-LENGTH DATA ELEMENTS--GENERAL INFORMATION | |
| fixed length control field | 090317s19uu xx 00 eng d |
| 050 ## - LIBRARY OF CONGRESS CALL NUMBER | |
| Classification number | TR 372.4 |
| Item number | H18 1999 |
| 100 ## - MAIN ENTRY--PERSONAL NAME | |
| Personal name | Hammond, Anne |
| 245 ## - TITLE STATEMENT | |
| Title | Guided reading : |
| Remainder of title | teacher rsource book for solo reading series 2. |
| Withdrawn status | Lost status | Damaged status | Home library | Current library | Shelving location | Date acquired | Total Checkouts | Full call number | Barcode | Date last seen | Price effective from | Koha item type |
|---|---|---|---|---|---|---|---|---|---|---|---|---|
| Munich Library | Munich Library | Teachers Reference Section | 03/17/2009 | TR 372.4 H18 1999 | M4098 | 04/14/2014 | 04/14/2014 | Books |